Klikkaa presidentin syntymäkuntaa - Statistics

Yleistilastot
  • Tätä visaa on pelattu 153 kertaa
  • Keskiarvotulos 6 / 13
Vastaustilastot
Hint Vastaus % Oikein
Halonen Helsinki
77%
Niinistö Salo
73%
Stubb Helsinki
68%
Kekkonen Pielavesi
65%
Ahtisaari Viipuri
64%
Koivisto Turku
57%
Mannerheim Askainen
47%
Kallio Ylivieska
45%
Svinhufvud Sääksmäki
37%
Ryti Huittinen
35%
Ståhlberg Suomussalmi
28%
Relander Kurkijoki
26%
Paasikivi Koski Hl
24%
Ehtoja vastaavia visoja ei löytynyt
Tulosjakauma
Jokaisen tuloksen saaneiden osuus
Persentiili vastausten määrän mukaan
Tuloshistoriasi
Et ole pelannut tätä visaa